[Event "ESTCC 50 2019"]
[Site "Mali Losinj"]
[Date "2019.09.20"]
[Round "3.18"]
[White "Wegerer, Fred"]
[Black "Mashayekh, Majid"]
[Result "1-0"]
[WhiteElo "2171"]
[BlackElo "1875"]
[Annotator "NA"]
[PlyCount "69"]
[EventDate "2019.09.18"]
[EventType "team-tourn"]
[EventCountry "CRO"]
[SourceTitle "playchess.com"]
[Source "ChessBase"]
[SourceQuality "1"]
[WhiteTeam "Austria"]
[BlackTeam "England"]
[WhiteTeamCountry "AUT"]
[BlackTeamCountry "ENG"]
[TimeControl "40/5400+30:1800+30"]

1. c4 {[%emt 0:00:30]} Nf6 {[%emt 0:00:30]} 2. g3 {[%emt 0:01:30]} e6 {[%emt 0:00:30]} 3. Bg2 {[%emt 0:00:30]} d5 {[%emt 0:00:30]} 4. Nf3 {[%emt 0:01:30]} Be7 {[%emt 0:02:30]} 5. d4 {[%emt 0:04:30]} O-O {[%emt 0:01:30]} 6. cxd5 {[%emt 0:02:30]} exd5 {[%emt 0:01:30]} 7. Nc3 {[%emt 0:00:30]} c6 {[%emt 0:01:30]} 8. Qc2 {[%emt 0:02:30]} Bg4 {[%emt 0:03:30]} 9. O-O {[%emt 0:13:30]} Qc8 {[%emt 0:05:30]} 10. Bf4 {[%emt 0:05:30]} Nh5 {[%emt 0:04:30]} 11. Bd2 {[%emt 0:14:30]} Na6 {[%emt 0:05:30]} 12. Rac1 {[%emt 0:06:30]} Bh3 {[%emt 0:20:30]} 13. Qb3 {[%emt 0:12:30]} Nc7 {[%emt 0:02:30]} 14. Bxh3 {[%emt 0:02:30]} Qxh3 {[%emt 0:02:30]} 15. Qxb7 {[%emt 0:00:30]} Bd6 {[%emt 0:06:30]} 16. Qxc6 {[%emt 0:00:30]} Rad8 {[%emt 0:04:30]} 17. Nb5 {[%emt 0:09:48]} Nxb5 {[%emt 0:06:30]} 18. Qxb5 {[%emt 0:00:03]} Bb8 {[%emt 0:03:30]} 19. Qd3 {[%emt 0:00:23]} h6 {[%emt 0:00:30]} 20. Ne1 {[%emt 0:11:51]} Nf6 {[%emt 0:04:30]} 21. Bf4 {[%emt 0:02:25]} Bxf4 {[%emt 0:08:13]} 22. gxf4 {[%emt 0:00:11]} Qg4+ {[%emt 0:00:24]} 23. Ng2 {[%emt 0:00:37]} Rfe8 {[%emt 0:01:01]} 24. Rc2 {[%emt 0:00:55]} Rb8 {[%emt 0:04:07]} 25. Rfc1 {[%emt 0:01:47]} Re7 {[%emt 0:02:26]} 26. Qg3 {[%emt 0:01:16]} Rxe2 {[%emt 0:04:11]} 27. Qxg4 {[%emt 0:00:08]} Rxc2 {[%emt 0:00:25]} 28. Qd1 {[%emt 0:00:34]} Rcxb2 {[%emt 0:00:32]} 29. Ne3 {[%emt 0:00:53]} Rxa2 {[%emt 0:00:53]} 30. Rc2 {[%emt 0:00:55]} Ra3 {[%emt 0:00:32]} 31. Qc1 {[%emt 0:00:27]} Rab3 {[%emt 0:01:40]} 32. Rc8+ {[%emt 0:00:03]} Kh7 {[%emt 0:00:18]} 33. Rxb8 {[%emt 0:00:11]} Rxb8 {[%emt 0:00:09]} 34. Kg2 {[%emt 0:00:34]} Rb4 {[%emt 0:00:34]} 35. Qc5 {[%emt 0:00:28]} 1-0

[Event "ESTCC 50 2019"]
[Site "Mali Losinj"]
[Date "2019.09.20"]
[Round "3.19"]
[White "Wood, Peter R"]
[Black "Kainz, Josef"]
[Result "1/2-1/2"]
[WhiteElo "1884"]
[BlackElo "1922"]
[Annotator "NA"]
[PlyCount "97"]
[EventDate "2019.09.18"]
[EventType "team-tourn"]
[EventCountry "CRO"]
[SourceTitle "playchess.com"]
[Source "ChessBase"]
[SourceQuality "1"]
[WhiteTeam "England"]
[BlackTeam "Austria"]
[WhiteTeamCountry "ENG"]
[BlackTeamCountry "AUT"]
[TimeControl "40/5400+30:1800+30"]

1. e4 {[%emt 0:00:30]} c5 {[%emt 0:00:30]} 2. Nc3 {[%emt 0:00:00]} Nc6 {[%emt 0:00:00]} 3. g3 {[%emt 0:00:00]} g6 {[%emt 0:00:00]} 4. Bg2 {[%emt 0:00:30]} Bg7 {[%emt 0:00:00]} 5. d3 {[%emt 0:00:00]} d6 {[%emt 0:00:00]} 6. f4 {[%emt 0:00:00]} e6 {[%emt 0:00:30]} 7. Nf3 {[%emt 0:01:30]} Nge7 {[%emt 0:00:00]} 8. Be3 {[%emt 0:00:30]} O-O {[%emt 0:00:00]} 9. O-O {[%emt 0:00:30]} b5 {[%emt 0:00:30]} 10. e5 {[%emt 0:11:30]} b4 {[%emt 0:00:30]} 11. Ne4 {[%emt 0:06:30]} dxe5 {[%emt 0:00:30]} 12. fxe5 {[%emt 0:02:30]} Nxe5 {[%emt 0:00:30]} 13. Nxe5 {[%emt 0:01:30]} Bxe5 {[%emt 0:00:00]} 14. Nf6+ {[%emt 0:31:30]} Bxf6 {[%emt 0:01:00]} 15. Rxf6 {[%emt 0:00:30]} Nd5 {[%emt 0:08:30]} 16. Bg5 {[%emt 0:01:30]} Nxf6 {[%emt 0:13:30]} 17. Bxa8 {[%emt 0:10:30]} Qd4+ {[%emt 0:00:30]} 18. Kg2 {[%emt 0:00:30]} Nd5 {[%emt 0:07:30]} 19. Qd2 {[%emt 0:04:30]} Bd7 {[%emt 0:04:30]} 20. c3 {[%emt 0:04:30]} bxc3 {[%emt 0:02:30]} 21. bxc3 {[%emt 0:00:30]} Qxc3 {[%emt 0:08:30]} 22. Qxc3 {[%emt 0:01:30]} Nxc3 {[%emt 0:00:30]} 23. Bf3 {[%emt 0:00:30]} Rb8 {[%emt 0:20:30]} 24. Bf6 {[%emt 0:04:56]} Rb2+ {[%emt 0:08:30]} 25. Kg1 {[%emt 0:06:49]} Rb1+ {[%emt 0:05:12]} 26. Rxb1 {[%emt 0:00:17]} Nxb1 {[%emt 0:00:02]} 27. Be7 {[%emt 0:00:20]} Nc3 {[%emt 0:03:12]} 28. Bxc5 {[%emt 0:00:29]} a6 {[%emt 0:01:50]} 29. a3 {[%emt 0:01:10]} e5 {[%emt 0:08:42]} 30. Kf2 {[%emt 0:00:47]} Bb5 {[%emt 0:01:05]} 31. Ke3 {[%emt 0:00:53]} f5 {[%emt 0:01:25]} 32. Bd6 {[%emt 0:01:55]} e4 {[%emt 0:03:51]} 33. dxe4 {[%emt 0:00:27]} Nxe4 {[%emt 0:00:54]} 34. Bxe4 {[%emt 0:00:12]} fxe4 {[%emt 0:00:01]} 35. Kxe4 {[%emt 0:00:12]} Kf7 {[%emt 0:00:08]} 36. Be5 {[%emt 0:01:25]} Ke6 {[%emt 0:00:52]} 37. Bf4 {[%emt 0:00:36]} Bc6+ {[%emt 0:00:30]} 38. Kd4 {[%emt 0:00:16]} Kf5 {[%emt 0:00:12]} 39. h4 {[%emt 0:00:48]} Kg4 {[%emt 0:00:20]} 40. Kc5 {[%emt 0:00:18]} Bb5 {[%emt 0:00:10]} 41. Kb6 {[%emt 0:30:17]} Kh5 {[%emt 0:30:20]} 42. a4 {[%emt 0:00:19]} Be2 {[%emt 0:00:45]} 43. Kc5 {[%emt 0:00:35]} h6 {[%emt 0:00:13]} 44. Kb6 {[%emt 0:01:19]} g5 {[%emt 0:00:13]} 45. hxg5 {[%emt 0:00:07]} hxg5 {[%emt 0:00:04]} 46. Bd6 {[%emt 0:00:22]} Kg4 {[%emt 0:00:17]} 47. Be7 {[%emt 0:00:22]} Kf5 {[%emt 0:01:13]} 48. Bd8 {[%emt 0:01:37]} g4 {[%emt 0:00:22]} 49. Bc7 {[%emt 0:00:22]} 1/2-1/2

[Event "ESTCC 50 2019"]
[Site "Mali Losinj"]
[Date "2019.09.20"]
[Round "3.20"]
[White "Detter, Peter"]
[Black "Denning, Julie L"]
[Result "1-0"]
[WhiteElo "1982"]
[BlackElo "1629"]
[Annotator "NA"]
[PlyCount "45"]
[EventDate "2019.09.18"]
[EventType "team-tourn"]
[EventCountry "CRO"]
[SourceTitle "playchess.com"]
[Source "ChessBase"]
[SourceQuality "1"]
[WhiteTeam "Austria"]
[BlackTeam "England"]
[WhiteTeamCountry "AUT"]
[BlackTeamCountry "ENG"]
[TimeControl "40/5400+30:1800+30"]

1. d4 {[%emt 0:00:30]} Nf6 {[%emt 0:00:30]} 2. c4 {[%emt 0:00:00]} g6 {[%emt 0:00:00]} 3. Nc3 {[%emt 0:00:00]} Bg7 {[%emt 0:00:00]} 4. e4 {[%emt 0:00:30]} d6 {[%emt 0:00:00]} 5. Nf3 {[%emt 0:00:00]} O-O {[%emt 0:00:00]} 6. Be2 {[%emt 0:00:00]} Nbd7 {[%emt 0:00:30]} 7. O-O {[%emt 0:00:30]} c5 {[%emt 0:03:30]} 8. d5 {[%emt 0:00:30]} Nb6 {[%emt 0:08:30]} 9. h3 {[%emt 0:02:30]} Bd7 {[%emt 0:02:30]} 10. Bg5 {[%emt 0:05:30]} Qc8 {[%emt 0:05:30]} 11. a4 {[%emt 0:04:30]} a5 {[%emt 0:01:30]} 12. Qd2 {[%emt 0:01:30]} Re8 {[%emt 0:01:30]} 13. Bh6 {[%emt 0:04:30]} Bh8 {[%emt 0:00:30]} 14. Ng5 {[%emt 0:01:30]} e6 {[%emt 0:10:30]} 15. Qf4 {[%emt 0:14:30]} exd5 {[%emt 0:10:30]} 16. cxd5 {[%emt 0:01:30]} Qc7 {[%emt 0:06:30]} 17. Nf3 {[%emt 0:12:30]} Nc8 {[%emt 0:12:30]} 18. Bg5 {[%emt 0:06:30]} Nh5 {[%emt 0:07:30]} 19. Qh4 {[%emt 0:01:30]} Ng7 {[%emt 0:06:30]} 20. Bf6 {[%emt 0:03:30]} Nh5 {[%emt 0:06:26]} 21. Bxh8 {[%emt 0:00:30]} Kxh8 {[%emt 0:00:09]} 22. g4 {[%emt 0:06:30]} Nf6 {[%emt 0:05:09]} 23. Qxf6+ {[%emt 0:00:30]} 1-0

[Event "ESTCC 50 2019"]
[Site "Mali Losinj"]
[Date "2019.09.20"]
[Round "3.21"]
[White "Wallace, Paul"]
[Black "Burchardt, Brigitte"]
[Result "1-0"]
[WhiteElo "2153"]
[BlackElo "2092"]
[Annotator "ChessBase"]
[PlyCount "131"]
[EventDate "2019.09.18"]
[EventType "team-tourn"]
[EventCountry "CRO"]
[SourceTitle "playchess.com"]
[Source "ChessBase"]
[SourceQuality "1"]
[WhiteTeam "IRL"]
[BlackTeam "GER"]
[WhiteTeamCountry "AUS"]
[BlackTeamCountry "GER"]
[TimeControl "40/5400+30:1800+30"]

1. e4 {[%emt 0:00:30]} c5 {[%emt 0:00:30]} 2. Nf3 {[%emt 0:00:00]} d6 {[%emt 0:00:00]} 3. d4 {[%emt 0:00:00]} cxd4 {[%emt 0:00:00]} 4. Nxd4 {[%emt 0:00:00]} Nf6 {[%emt 0:00:00]} 5. Nc3 {[%emt 0:00:00]} a6 {[%emt 0:00:00]} 6. Bg5 {[%emt 0:01:30]} Nbd7 {[%emt 0:01:30]} 7. f4 {[%emt 0:00:00]} e6 {[%emt 0:05:30]} 8. Qf3 {[%emt 0:01:00]} Qc7 {[%emt 0:08:30]} 9. O-O-O {[%emt 0:00:30]} Be7 {[%emt 0:03:30]} 10. Bd3 {[%emt 0:06:30]} h6 {[%emt 0:09:30]} 11. Bh4 {[%emt 0:03:30]} Nb6 {[%emt 0:05:30]} 12. Bf2 {[%emt 0:19:30]} Bd7 {[%emt 0:04:30]} 13. Rhe1 {[%emt 0:05:30]} O-O-O {[%emt 0:08:30]} 14. Kb1 {[%emt 0:05:30]} g6 {[%emt 0:07:30]} 15. Qe2 {[%emt 0:04:30]} Na4 {[%emt 0:11:30]} 16. Nxa4 {[%emt 0:00:30]} Bxa4 {[%emt 0:00:30]} 17. Bxa6 {[%emt 0:03:30]} d5 {[%emt 0:02:30]} 18. Bb5 {[%emt 0:07:30]} Bxb5 {[%emt 0:05:30]} 19. Nxb5 {[%emt 0:00:00]} Qa5 {[%emt 0:00:30]} 20. exd5 {[%emt 0:05:00]} Nxd5 {[%emt 0:05:21]} 21. Bd4 {[%emt 0:02:30]} Rhg8 {[%emt 0:05:04]} 22. Be5 {[%emt 0:04:30]} Rd7 {[%emt 0:04:49]} 23. c4 {[%emt 0:10:30]} Nb6 {[%emt 0:04:39]} 24. Rxd7 {[%emt 0:02:42]} Nxd7 {[%emt 0:00:07]} 25. Rd1 {[%emt 0:01:35]} Nxe5 {[%emt 0:03:02]} 26. Qxe5 {[%emt 0:00:14]} Qb6 {[%emt 0:00:23]} 27. Nd6+ {[%emt 0:02:44]} Bxd6 {[%emt 0:00:06]} 28. Qxd6 {[%emt 0:00:01]} Qxd6 {[%emt 0:00:30]} 29. Rxd6 {[%emt 0:00:06]} Kc7 {[%emt 0:00:09]} 30. Rd2 {[%emt 0:00:23]} g5 {[%emt 0:00:19]} 31. fxg5 {[%emt 0:01:30]} Rxg5 {[%emt 0:00:33]} 32. Kc2 {[%emt 0:00:34]} f5 {[%emt 0:03:33]} 33. g3 {[%emt 0:00:36]} h5 {[%emt 0:00:04]} 34. Kc3 {[%emt 0:01:49]} h4 {[%emt 0:01:46]} 35. Rd3 {[%emt 0:02:07]} hxg3 {[%emt 0:00:10]} 36. hxg3 {[%emt 0:00:10]} e5 {[%emt 0:00:09]} 37. Kb4 {[%emt 0:02:10]} f4 {[%emt 0:01:02]} 38. gxf4 {[%emt 0:00:18]} exf4 {[%emt 0:00:05]} 39. Rf3 {[%emt 0:02:18]} Rg2 {[%emt 0:00:31]} 40. b3 {[%emt 0:00:37]} Rxa2 {[%emt 0:00:34]} 41. Rxf4 {[%emt 0:00:06]} Rh2 {[%emt 0:05:04]} 42. Rf7+ {[%emt 0:01:30]} Kc6 {[%emt 0:02:30]} 43. Rf6+ {[%emt 0:00:00]} Kc7 {[%emt 0:00:30]} 44. Kb5 {[%emt 0:00:00]} Rh5+ {[%emt 0:02:30]} 45. c5 {[%emt 0:00:30]} Rh3 {[%emt 0:01:30]} 46. Rf7+ {[%emt 0:00:30]} Kb8 {[%emt 0:01:30]} 47. b4 {[%emt 0:00:30]} Rh6 {[%emt 0:00:30]} 48. Rd7 {[%emt 0:01:30]} Kc8 {[%emt 0:01:30]} 49. Rd6 {[%emt 0:00:30]} Rh4 {[%emt 0:00:39]} 50. Ka5 {[%emt 0:00:00]} Rc4 {[%emt 0:01:21]} 51. Rh6 {[%emt 0:02:00]} Kc7 {[%emt 0:01:41]} 52. Rh7+ {[%emt 0:01:30]} Kc8 {[%emt 0:03:53]} 53. b5 {[%emt 0:04:30]} Rxc5 {[%emt 0:03:21]} 54. Kb6 {[%emt 0:00:30]} Rg5 {[%emt 0:01:03]} 55. Rh8+ {[%emt 0:00:30]} Kd7 {[%emt 0:00:06]} 56. Rb8 {[%emt 0:00:00]} Rh5 {[%emt 0:02:04]} 57. Rxb7+ {[%emt 0:00:00]} Kc8 {[%emt 0:00:04]} 58. Ka7 {[%emt 0:00:30]} Rh1 {[%emt 0:01:26]} 59. Rb8+ {[%emt 0:00:30]} Kc7 {[%emt 0:01:06]} 60. b6+ {[%emt 0:00:00]} Kc6 {[%emt 0:00:18]} 61. Rc8+ {[%emt 0:00:00]} Kd7 {[%emt 0:01:05]} 62. Rc2 {[%emt 0:02:30]} Kd6 {[%emt 0:00:46]} 63. b7 {[%emt 0:02:30]} Ra1+ {[%emt 0:01:17]} 64. Kb8 {[%emt 0:00:00]} Rh1 {[%emt 0:00:53]} 65. Ra2 {[%emt 0:01:00]} Kc6 {[%emt 0:03:17]} 66. Ka8 {[%emt 0:00:30]} 1-0

[Event "ESTCC 50 2019"]
[Site "Mali Losinj"]
[Date "2019.09.20"]
[Round "3.22"]
[White "Wagner-Michel, Annett"]
[Black "Cafolla, Peter"]
[Result "0-1"]
[WhiteElo "2055"]
[BlackElo "1919"]
[Annotator "NA"]
[PlyCount "66"]
[EventDate "2019.09.18"]
[EventType "team-tourn"]
[EventCountry "CRO"]
[SourceTitle "playchess.com"]
[Source "ChessBase"]
[SourceQuality "1"]
[WhiteTeam "Germany"]
[BlackTeam "Ireland"]
[WhiteTeamCountry "GER"]
[BlackTeamCountry "IRL"]
[TimeControl "40/5400+30:1800+30"]

1. e4 {[%emt 0:00:30]} c5 {[%emt 0:00:30]} 2. Nf3 {[%emt 0:00:00]} Nc6 {[%emt 0:00:00]} 3. Bb5 {[%emt 0:00:00]} e6 {[%emt 0:00:00]} 4. O-O {[%emt 0:00:30]} Nge7 {[%emt 0:00:30]} 5. d4 {[%emt 0:00:00]} Qb6 {[%emt 0:00:30]} 6. Bxc6 {[%emt 0:02:00]} bxc6 {[%emt 0:03:30]} 7. dxc5 {[%emt 0:07:30]} Qxc5 {[%emt 0:00:00]} 8. b3 {[%emt 0:00:30]} d5 {[%emt 0:03:00]} 9. Re1 {[%emt 0:05:30]} Bb7 {[%emt 0:02:30]} 10. e5 {[%emt 0:08:30]} Qa5 {[%emt 0:02:30]} 11. c4 {[%emt 0:13:30]} Ng6 {[%emt 0:02:30]} 12. Bd2 {[%emt 0:07:30]} Bb4 {[%emt 0:11:30]} 13. a3 {[%emt 0:05:30]} Bxd2 {[%emt 0:00:30]} 14. Nbxd2 {[%emt 0:00:30]} O-O {[%emt 0:04:30]} 15. b4 {[%emt 0:00:30]} Qd8 {[%emt 0:00:30]} 16. c5 {[%emt 0:03:30]} Bc8 {[%emt 0:09:30]} 17. Nd4 {[%emt 0:04:30]} Qc7 {[%emt 0:02:30]} 18. N2f3 {[%emt 0:01:30]} Bd7 {[%emt 0:00:30]} 19. g3 {[%emt 0:09:30]} Rae8 {[%emt 0:05:30]} 20. Qe2 {[%emt 0:05:30]} f6 {[%emt 0:00:30]} 21. Rac1 {[%emt 0:01:30]} Qb7 {[%emt 0:05:30]} 22. h4 {[%emt 0:02:30]} a6 {[%emt 0:00:30]} 23. Rc3 {[%emt 0:01:24]} fxe5 {[%emt 0:19:30]} 24. Nxe5 {[%emt 0:00:05]} Nxe5 {[%emt 0:00:30]} 25. Qxe5 {[%emt 0:00:05]} Rf6 {[%emt 0:00:30]} 26. f4 {[%emt 0:04:26]} Rf5 {[%emt 0:07:42]} 27. Qd6 {[%emt 0:05:19]} Rf6 {[%emt 0:00:19]} 28. Re5 {[%emt 0:00:21]} Qc8 {[%emt 0:01:35]} 29. Rce3 {[%emt 0:01:02]} Rd8 {[%emt 0:00:15]} 30. Nxe6 {[%emt 0:03:19]} Bxe6 {[%emt 0:01:30]} 31. Qxd8+ {[%emt 0:05:06]} Qxd8 {[%emt 0:00:11]} 32. f5 {[%emt 0:00:08]} Bd7 {[%emt 0:01:34]} 33. g4 {[%emt 0:00:20]} h5 {[%emt 0:01:25]} 0-1

[Event "ESTCC 50 2019"]
[Site "Mali Losinj"]
[Date "2019.09.20"]
[Round "3.23"]
[White "Lyons, Brendan"]
[Black "Kierzek, Mira"]
[Result "1-0"]
[WhiteElo "1971"]
[BlackElo "2015"]
[Annotator "NA"]
[PlyCount "67"]
[EventDate "2019.09.18"]
[EventType "team-tourn"]
[EventCountry "CRO"]
[SourceTitle "playchess.com"]
[Source "ChessBase"]
[SourceQuality "1"]
[WhiteTeam "Ireland"]
[BlackTeam "Germany"]
[WhiteTeamCountry "IRL"]
[BlackTeamCountry "GER"]
[TimeControl "40/5400+30:1800+30"]

1. e4 {[%emt 0:00:30]} c5 {[%emt 0:00:30]} 2. Nf3 {[%emt 0:00:30]} Nc6 {[%emt 0:00:00]} 3. d3 {[%emt 0:00:00]} d6 {[%emt 0:01:00]} 4. g3 {[%emt 0:00:00]} g6 {[%emt 0:00:30]} 5. Bg2 {[%emt 0:00:30]} Bg7 {[%emt 0:00:30]} 6. O-O {[%emt 0:00:00]} e6 {[%emt 0:01:30]} 7. c3 {[%emt 0:02:00]} Nge7 {[%emt 0:03:30]} 8. Be3 {[%emt 0:04:30]} O-O {[%emt 0:00:30]} 9. d4 {[%emt 0:02:30]} b6 {[%emt 0:07:30]} 10. a3 {[%emt 0:17:30]} Bb7 {[%emt 0:09:30]} 11. b4 {[%emt 0:02:30]} c4 {[%emt 0:09:30]} 12. Nbd2 {[%emt 0:12:30]} d5 {[%emt 0:06:30]} 13. e5 {[%emt 0:04:30]} h6 {[%emt 0:05:30]} 14. g4 {[%emt 0:12:30]} Kh7 {[%emt 0:06:30]} 15. h4 {[%emt 0:02:30]} Qd7 {[%emt 0:04:30]} 16. h5 {[%emt 0:15:30]} Rae8 {[%emt 0:16:30]} 17. Bh3 {[%emt 0:07:07]} Bc8 {[%emt 0:02:30]} 18. Kg2 {[%emt 0:01:00]} Rg8 {[%emt 0:14:18]} 19. Rh1 {[%emt 0:05:30]} Rh8 {[%emt 0:00:21]} 20. Qc2 {[%emt 0:02:17]} Kg8 {[%emt 0:01:15]} 21. b5 {[%emt 0:00:24]} Nd8 {[%emt 0:01:54]} 22. g5 {[%emt 0:00:45]} Nf5 {[%emt 0:00:46]} 23. Bxf5 {[%emt 0:00:29]} exf5 {[%emt 0:02:56]} 24. hxg6 {[%emt 0:01:18]} hxg5 {[%emt 0:02:30]} 25. Rxh8+ {[%emt 0:00:20]} Bxh8 {[%emt 0:00:15]} 26. Nxg5 {[%emt 0:01:24]} fxg6 {[%emt 0:00:18]} 27. Ndf3 {[%emt 0:00:39]} Nf7 {[%emt 0:00:53]} 28. Rh1 {[%emt 0:00:16]} Nxg5 {[%emt 0:00:19]} 29. Nxg5 {[%emt 0:00:11]} Re7 {[%emt 0:00:36]} 30. Bf4 {[%emt 0:02:07]} Qxb5 {[%emt 0:00:14]} 31. Qe2 {[%emt 0:00:48]} Bf6 {[%emt 0:00:25]} 32. exf6 {[%emt 0:01:03]} Rxe2 {[%emt 0:00:13]} 33. f7+ {[%emt 0:00:07]} Kf8 {[%emt 0:01:51]} 34. Bd6+ {[%emt 0:00:00]} 1-0

[Event "ESTCC 50 2019"]
[Site "Mali Losinj"]
[Date "2019.09.20"]
[Round "3.24"]
[White "Leib, Britta"]
[Black "Salter, David"]
[Result "0-1"]
[WhiteElo "1883"]
[BlackElo "1882"]
[Annotator "NA"]
[PlyCount "91"]
[EventDate "2019.09.18"]
[EventType "team-tourn"]
[EventCountry "CRO"]
[SourceTitle "playchess.com"]
[Source "ChessBase"]
[SourceQuality "1"]
[WhiteTeam "Germany"]
[BlackTeam "Ireland"]
[WhiteTeamCountry "GER"]
[BlackTeamCountry "IRL"]
[TimeControl "40/5400+30:1800+30"]

1. e4 {[%emt 0:00:30]} e6 {[%emt 0:00:30]} 2. d4 {[%emt 0:00:00]} d5 {[%emt 0:00:00]} 3. Nd2 {[%emt 0:00:00]} Nc6 {[%emt 0:00:00]} 4. Ngf3 {[%emt 0:01:30]} Nf6 {[%emt 0:00:30]} 5. e5 {[%emt 0:02:30]} Nd7 {[%emt 0:00:30]} 6. c3 {[%emt 0:01:30]} f6 {[%emt 0:01:30]} 7. exf6 {[%emt 0:00:30]} Qxf6 {[%emt 0:00:30]} 8. Bb5 {[%emt 0:08:30]} Bd6 {[%emt 0:01:30]} 9. O-O {[%emt 0:07:30]} O-O {[%emt 0:00:30]} 10. Qe2 {[%emt 0:05:30]} e5 {[%emt 0:04:30]} 11. Bxc6 {[%emt 0:08:30]} bxc6 {[%emt 0:00:30]} 12. dxe5 {[%emt 0:00:30]} Nxe5 {[%emt 0:00:00]} 13. Nxe5 {[%emt 0:05:30]} Bxe5 {[%emt 0:02:00]} 14. Nf3 {[%emt 0:03:30]} Bd6 {[%emt 0:01:30]} 15. Nd4 {[%emt 0:01:30]} Bd7 {[%emt 0:04:30]} 16. Be3 {[%emt 0:05:30]} Rae8 {[%emt 0:01:30]} 17. Qd2 {[%emt 0:03:30]} Qe5 {[%emt 0:12:30]} 18. g3 {[%emt 0:07:30]} Qh5 {[%emt 0:06:30]} 19. f4 {[%emt 0:09:30]} Re4 {[%emt 0:08:30]} 20. Nc2 {[%emt 0:05:30]} Rfe8 {[%emt 0:03:30]} 21. Rfe1 {[%emt 0:03:56]} a5 {[%emt 0:13:30]} 22. Rac1 {[%emt 0:03:53]} c5 {[%emt 0:04:30]} 23. Rcd1 {[%emt 0:00:28]} d4 {[%emt 0:10:30]} 24. cxd4 {[%emt 0:07:44]} cxd4 {[%emt 0:00:30]} 25. Bf2 {[%emt 0:00:03]} Re2 {[%emt 0:03:31]} 26. Qd3 {[%emt 0:02:10]} c5 {[%emt 0:16:39]} 27. Rxe2 {[%emt 0:03:47]} Qxe2 {[%emt 0:00:35]} 28. Qb3+ {[%emt 0:01:09]} Be6 {[%emt 0:01:59]} 29. Qd3 {[%emt 0:00:01]} Qxd3 {[%emt 0:00:23]} 30. Rxd3 {[%emt 0:00:01]} Bxa2 {[%emt 0:00:31]} 31. Ra3 {[%emt 0:00:27]} Bc4 {[%emt 0:00:26]} 32. Rxa5 {[%emt 0:01:10]} Re2 {[%emt 0:00:21]} 33. Na3 {[%emt 0:00:28]} Be6 {[%emt 0:00:54]} 34. Ra6 {[%emt 0:00:20]} Be7 {[%emt 0:00:16]} 35. Kf1 {[%emt 0:01:11]} Re4 {[%emt 0:00:21]} 36. Be1 {[%emt 0:01:14]} Kf7 {[%emt 0:00:10]} 37. Kf2 {[%emt 0:00:23]} d3 {[%emt 0:00:40]} 38. Bc3 {[%emt 0:00:35]} Re2+ {[%emt 0:00:13]} 39. Kf3 {[%emt 0:00:36]} h5 {[%emt 0:00:49]} 40. f5 {[%emt 0:00:22]} Bxf5 {[%emt 0:00:31]} 41. Kf4 {[%emt 0:30:01]} Be6 {[%emt 0:30:54]} 42. h4 {[%emt 0:00:50]} d2 {[%emt 0:00:00]} 43. Bxd2 {[%emt 0:00:00]} Rxd2 {[%emt 0:00:00]} 44. Rb6 {[%emt 0:00:00]} Bf6 {[%emt 0:00:00]} 45. Nb1 {[%emt 0:00:00]} Rd8 {[%emt 0:00:00]} 46. Ke4 {[%emt 0:00:00]} 0-1

[Event "ESTCC 50 2019"]
[Site "Mali Losinj"]
[Date "2019.09.21"]
[Round "4.1"]
[White "Kozul, Zdenko"]
[Black "Blatny, Pavel"]
[Result "1-0"]
[WhiteElo "2569"]
[BlackElo "2325"]
[Annotator "ChessBase"]
[PlyCount "87"]
[EventDate "2019.09.18"]
[EventType "team-tourn"]
[EventCountry "CRO"]
[SourceTitle "playchess.com"]
[Source "ChessBase"]
[SourceQuality "1"]
[WhiteTeam "Croatia"]
[BlackTeam "Czech Republic"]
[WhiteTeamCountry "CRO"]
[BlackTeamCountry "CZE"]
[TimeControl "40/5400+30:1800+30"]

1. d4 {[%emt 0:00:30]} d5 {[%emt 0:00:30]} 2. c4 {[%emt 0:00:00]} e6 {[%emt 0:00:30]} 3. Nf3 {[%emt 0:01:00]} c6 {[%emt 0:00:30]} 4. Nbd2 {[%emt 0:02:30]} f5 {[%emt 0:00:30]} 5. g3 {[%emt 0:00:30]} Bd6 {[%emt 0:00:00]} 6. Bg2 {[%emt 0:00:00]} Qf6 {[%emt 0:00:00]} 7. Rb1 {[%emt 0:11:00]} Nh6 {[%emt 0:00:30]} 8. b4 {[%emt 0:02:30]} Nf7 {[%emt 0:00:00]} 9. b5 {[%emt 0:00:30]} g5 {[%emt 0:00:00]} 10. Qb3 {[%emt 0:06:30]} O-O {[%emt 0:00:30]} 11. e3 {[%emt 0:03:30]} Qe7 {[%emt 0:07:30]} 12. h4 {[%emt 0:04:30]} g4 {[%emt 0:07:30]} 13. Ng1 {[%emt 0:00:30]} Nd7 {[%emt 0:01:30]} 14. Ne2 {[%emt 0:01:30]} Nf6 {[%emt 0:01:30]} 15. O-O {[%emt 0:03:30]} Bd7 {[%emt 0:04:30]} 16. Rd1 {[%emt 0:12:30]} Ne4 {[%emt 0:03:30]} 17. Nxe4 {[%emt 0:01:30]} fxe4 {[%emt 0:00:30]} 18. Bd2 {[%emt 0:02:30]} Rac8 {[%emt 0:07:30]} 19. bxc6 {[%emt 0:03:30]} bxc6 {[%emt 0:06:30]} 20. Bb4 {[%emt 0:02:30]} Qf6 {[%emt 0:01:30]} 21. Nf4 {[%emt 0:01:30]} Rb8 {[%emt 0:10:30]} 22. Qc3 {[%emt 0:08:30]} Bxb4 {[%emt 0:03:30]} 23. Rxb4 {[%emt 0:00:30]} e5 {[%emt 0:00:30]} 24. Rxb8 {[%emt 0:04:30]} Rxb8 {[%emt 0:00:30]} 25. Ne2 {[%emt 0:01:30]} Be6 {[%emt 0:05:30]} 26. cxd5 {[%emt 0:01:30]} Bxd5 {[%emt 0:00:30]} 27. Qa3 {[%emt 0:01:30]} exd4 {[%emt 0:03:30]} 28. exd4 {[%emt 0:05:55]} Qd6 {[%emt 0:06:30]} 29. Qxa7 {[%emt 0:02:01]} Rb2 {[%emt 0:00:30]} 30. Qa6 {[%emt 0:02:23]} Qe6 {[%emt 0:07:30]} 31. Nf4 {[%emt 0:02:11]} Qf5 {[%emt 0:02:03]} 32. Qa8+ {[%emt 0:01:12]} Kg7 {[%emt 0:00:17]} 33. Qe8 {[%emt 0:00:09]} Rxa2 {[%emt 0:03:41]} 34. Re1 {[%emt 0:00:05]} Ra7 {[%emt 0:08:31]} 35. Bxe4 {[%emt 0:01:03]} Bxe4 {[%emt 0:01:07]} 36. Rxe4 {[%emt 0:00:19]} Ra8 {[%emt 0:02:08]} 37. Qxc6 {[%emt 0:01:29]} Rc8 {[%emt 0:02:27]} 38. Ne6+ {[%emt 0:04:33]} Kf6 {[%emt 0:00:34]} 39. Nc7+ {[%emt 0:00:13]} Kg7 {[%emt 0:00:13]} 40. Rf4 {[%emt 0:00:20]} Nd8 {[%emt 0:02:59]} 41. Qd6 {[%emt 0:05:07]} Nf7 {[%emt 0:02:30]} 42. Qe7 {[%emt 0:00:30]} Qb1+ {[%emt 0:00:30]} 43. Kh2 {[%emt 0:00:30]} Qg6 {[%emt 0:00:30]} 44. Qd7 {[%emt 0:02:30]} 1-0